000 00964nam a2200301Ia 4500
005 20220317001344.0
008 161108s9999 sp g 000 0 spa
020 _a9788478717798
100 1 _aMelling, David
245 1 0 _aComo mi mamá
_cDavid Melling
250 _a1a. edición
300 _a[30] páginas
_bilustraciones en color
_c20 cm
534 _tJust like my mum
650 1 4 _2LEMB
_aÁlbumes infantiles ingleses
650 1 4 _2LEMB
_aLiteratura infantil inglesa
650 1 4 _2LEMB
_aAmor en la literatura
650 1 4 _2LEMB
_aMadres e hijos en la literatura
650 1 4 _2LEMB
_aLibros ilustrados para niños
700 1 _aMelling, David
_971310
700 1 _aMendo, Miguel Ángel
_d1949-
_971313
942 _2loc
_cBKINF
264 _aBarcelona
_bSerres
336 _atexto
_btxt
_2rdacontent
337 _asin mediación
_bn
_2rdamedia
338 _avolumen
_bnc
_2rdacarrier
040 _aCO-BoRNBP
_bspa
_erda
_cCO-BoRNBP
084 _aA MEL4
999 _c6716
_d6716